| 000 | 01019nam a22002537a 4500 | ||
|---|---|---|---|
| 005 | 20170124103103.0 | ||
| 010 | _aA-648745 | ||
| 020 | _c100.00 | ||
| 035 | _aA-648745 | ||
| 037 | _bCen Lib/Ret | ||
| 040 |
_aDPL _bHN |
||
| 082 |
_aउ _bगौड़व् |
||
| 100 |
_aगौड़ , वीरेन्द्र कुमार _977598 |
||
| 245 |
_aशर शैया / _cवीरेन्द्र कुमार गौड़ |
||
| 246 |
_aShar shaiya _bby Virendr kumar Goud |
||
| 260 |
_aदिल्ली _bसुनील साहित्य सदन प्रकाशन _c1993 |
||
| 270 |
_aए -101, उत्तरी घोंडा _bदिल्ली _e110053 |
||
| 300 |
_a198पृष्ठ. _c21सेमी(सजिल्द) |
||
| 650 |
_aहिंदी साहित्य _977599 |
||
| 650 |
_aहिंदी उपन्यास _977600 |
||
| 650 |
_aHindi literature _977601 |
||
| 650 |
_ahindi novel _977602 |
||
| 942 |
_2ddc _cHN _hउ _mगौड़व् |
||
| 999 |
_c117940 _d117940 |
||